О выдаче вида на жительство швейцарским гражданам Адольфу и Елене Келлер

Доступно только в Электронных читальных залах Найти на картеНа карте
RUSMARC
00003787nac2a22002771x 450
00106d415e5-f8ac-42ca-a49a-86e7d851088c
00520150407040059.0
100##$a20150213l1916 k y0rusy50 ca
1010#$arus
102##$aRU
105##$ay z |||||
1220#$ad19161231
2001#$aО выдаче вида на жительство швейцарским гражданам Адольфу и Елене Келлер
$j1916
215##$a13 листов
251##$cДело
300##$aЗаголовок дела на папке: О выдаче вида на жительство швейцарским гражданам Адольфу и Елене (Нелли) Келлер
300##$aЧасть документов рукописная, часть - машинописная
461#0$10019437218a-5c35-4c92-b6d5-a02c81f9be70
$12001
$aДепартамент полиции Министерства внутренних дел
$1251
$cФонд
$1852
$j102
462#0$1001RuPRLIB510117765
$12001
$a2-е делопроизводство. 1916 г.
$1251
$cОпись
$1852
$j74
517##$aО выдаче вида на жительство швейцарским гражданам Адольфу и Елене (Нелли) Келлер
600#1$aКеллер
$bА.
$gАдольф
600#1$aКеллер
$bЕ.
$cНелли
$gЕлена
60101$3RU\NLR\AUTH\889931910
$aРоссия
$bДепартамент полиции
801#0$aRU
$bGA_RF
801#1$aRU
$bНПО Опыт
$c20150213
$2rusmarc
801#2$aRU
$bПБ им. Б.Н. Ельцина
$c20150407
$gRCR
$2rusmarc
852##$aГА РФ
$j8 ч. 154
937##$d50382008
$hПБ
035##$aRuPRLIB51025586
Формат отображения